MDQL
is popping MORE tags! Check the
thread
!
Quizzes
Events
Quiz Creation
Community
Videos
Private Events
Remove Ads
Sign In
Join for FREE
Feedback
Dark Mode
Quiz Categories
Sports
Geography
Music
Movies
Television
Just For Fun
Miscellaneous
History
Literature
Language
Science
Gaming
Entertainment
Religion
Holiday
For Kids
Quiz Lab
Recent
Popular Today
Quiz Kudos Today
Editor Picks
Curator Picks
Quizzes by...
Day
Popularity
Type
Ratings
Length
Year
Community
Subscriptions
Recent Discussions
Orange Saloon
Badges
Playlists
Quests
Create
Leaderboards
Showdown
Live 5
Trivia Bingo
Activity
Puzzle Library
Sporcle Events
Private Events
Virtual Trivia
Globe League
Become a Host
Pub Owners
SporcleCon
Opinionation
Our Games
Videos
Blog
Mobile Apps
Partnerships
Remove Ads and Go Orange
Feedback
Music
Pop Music
The Beatles
Song
Album
Lyrics
Bands
Singers
Artist
Clip
Rock
Rap
Classical
Billboard
Country Music
Kpop
Taylor Swift
Music
Pop Music
The Beatles
Song
Album
Lyrics
Bands
Singers
Artist
Clip
Rock
Rap
Classical
Billboard
Country Music
Kpop
Taylor Swift
Random Quiz
Search Sporcle
×
Quiz Lab
Quiz Lab
Music
Type in answers that appear in a list
Type in answers that appear in a list
Classic
Best Score? Go Orange.
Figure the Lyrics! Stats
Can you name the Figure the Lyrics!?
By
samiam32333
8m
231 Questions
25 Plays
25 Plays
25 Plays
Comments
Comments
Give Quiz Kudos
Give Quiz Kudos
-
- Ratings
hide this ad
Replay
Link that replays current quiz
Next Quiz
Link to next quiz in quiz playlist
You Got
0%
They Got
Avg Score
45%
Avg Friend Score
Upgrade to see
Score Distribution
Jump to the score distribution portion of the page
Score
0/231
Timer
08:00
0
Plays Today
% Correct
you
92%
you
92%
and
92%
you
92%
the
92%
the
92%
you
92%
the
92%
you
92%
the
92%
the
92%
the
92%
the
92%
you
92%
you
92%
and
92%
you
92%
the
92%
the
92%
in
80%
it
80%
in
80%
in
80%
it
80%
it
80%
in
80%
it
80%
in
80%
in
80%
it
80%
it
80%
in
80%
when
76%
your
72%
your
72%
be
72%
be
72%
your
72%
be
72%
be
72%
be
72%
be
72%
be
72%
your
72%
do
72%
your
72%
do
72%
be
72%
be
72%
be
72%
be
72%
of
68%
of
68%
of
68%
of
68%
on
64%
on
64%
so
64%
for
64%
on
64%
if
60%
it's
56%
can
56%
what
56%
know
56%
know
56%
it's
56%
it's
56%
can
56%
what
56%
or
52%
just
52%
just
52%
time
52%
just
52%
just
52%
just
52%
% Correct
time
52%
just
52%
just
52%
time
52%
just
52%
or
52%
just
52%
just
52%
time
52%
just
52%
time
52%
just
52%
just
52%
they
48%
you're
48%
you're
48%
all
48%
you're
48%
now
48%
you're
48%
you're
48%
are
48%
you're
48%
don't
44%
only
44%
don't
44%
some
44%
will
44%
will
44%
they're
44%
don't
44%
some
44%
will
44%
will
44%
some
44%
will
44%
will
44%
don't
44%
only
44%
don't
44%
some
44%
will
44%
will
44%
some
44%
will
44%
will
44%
off
36%
out
36%
middle
36%
middle
36%
middle
36%
off
36%
out
36%
middle
36%
down
32%
best
32%
girl
32%
girl
32%
girl
32%
down
32%
best
32%
girl
32%
feel
28%
everything
28%
takes
28%
everything
28%
everything
28%
everything
28%
everything
28%
good
28%
takes
28%
everything
28%
everything
28%
everything
28%
everything
28%
takes
28%
everything
28%
% Correct
everything
28%
everything
28%
everything
28%
feel
28%
everything
28%
their
28%
hearts
28%
gonna
28%
say
28%
takes
28%
everything
28%
everything
28%
everything
28%
everything
28%
takes
28%
everything
28%
everything
28%
everything
28%
everything
28%
Hey
24%
head
24%
little
24%
alright
24%
hey
24%
live
24%
little
24%
alright
24%
alright
24%
little
24%
alright
24%
hey
24%
head
24%
alright
24%
alright
24%
little
24%
alright
24%
alright
24%
yourself
20%
try
20%
try
20%
fine
20%
right
20%
yourself
20%
doesn't
20%
matter
20%
someone
20%
fine
20%
fine
20%
yeah
20%
yourself
20%
fine
20%
fine
20%
write
16%
yet
16%
left
16%
looked
16%
ride
16%
doing
16%
own
16%
enough
16%
else
16%
ride
16%
ride
16%
write
16%
yet
16%
left
16%
looked
16%
ride
16%
worry
12%
tell
12%
away
12%
same
12%
better
12%
buy
12%
worry
12%
themselves
8%
bitter
8%
Quiz Playlist
Details
Report
Send in Message
Add To Playlist
Classic:
Type in answers that appear in a list
Last Updated: Feb 16, 2017
Quiz Scoreboard
CHALLENGE
Sign Up to Join the Scoreboard
Show All
Scores
Hide
Comments
May contain spoilers
Recently Published
Find the 'City' Movie
by crazypaving
Movies
60s
5x2 Blitz: Bands
by SL_Kpop136
Music
30s
Colored Red Africa Blitz
by spor1
Geography
30s
More to Explore
Quiz From the Vault
Featured Blog Post
14 Easter Pick-up Lines to Find Eggs With
hide this ad
You Might Also Like...
Tags
This quiz does not have any tags.
Today's Top Quizzes in Music
Browse Music
hide this ad
Top Contributed Quizzes in Music
1
5X2 Blitz: Bands II
2
5X2 Blitz: The Beatles
3
Taylor Swift All Songs (2024)
4
5X2 Blitz: Billboard
5
Taylor Swift Logic Puzzle II
6
5X2 Blitz: Billboard II
7
Taylor Swift Logic Puzzle
8
5X2 Blitz: Rock
9
5X2 Blitz: Singers
10
5X2 Blitz: Album
Explore More
Trending Topics
Harry Potter
Crossword
Kpop
Disney
NBA
Marvel
Anime
WWE
The Office
Soccer
Country
Song
NFL
Puzzle
Pokémon
hide this ad
More By:
samiam32333
Quiz
Plays
Rating
Category
Featured
Created
One Tree Hill Surnames
1,371
Television
Jul 10, 2012
Figure the Lyrics!
25
Music
Jul 28, 2012
Go to Creator's Profile
Score Distribution
Quiz Creator Spotlight
samiam32333
Follow
Send a Message
Quizzes Created
-
Created Quiz Play Count
-
More By This Creator
Popular Quizzes Today
1
Colored Red Africa Blitz
2
Find the 'City' Movie
3
Find the US States - No Outlines Minefield
4
5x2 Blitz: Bands
5
The Countries of the World
6
Find the US States
7
Find the Countries of Europe - No Outlines Minefield
8
US States
More Music Quizzes
Female Artist/Album Match (2021)
Curator's Pick
Trending Quizzes
Colored Red Europe Blitz I
Colored Red Europe Blitz II
Colored Red Africa Blitz II
Colored Red Europe Blitz III
Colored Red Africa Blitz III
Recently Updated
How Do You Spell That?
pecheneg
Godzilla Movies
pecheneg
Grab Bag: 4-10 Letters
pecheneg
2024 March Madness Bracket
pecheneg
Famous TV Couples
Peacemaker
Champions League XIs: Real Madrid
pecheneg
Largest US Cities 1790-2010
pecheneg
Rides in Walt Disney World
pecheneg
Most Oscar Losses (Acting)
pecheneg
Beyoncé Albums
pecheneg
Trending Topics
NBA
Disney
Anime
Crossword
Marvel
Harry Potter
Kpop
NFL
Pokémon
Song
WWE
Country
The Office
Puzzle
Soccer
Your Account Isn't Verified!
In order to create a playlist on Sporcle, you need to verify the email address you used during registration. Go to your
Sporcle Settings
to finish the process.
Report this User
Report this user for behavior that violates our
Community Guidelines
.
Details:
Send Report
Go to the Sporcle.com Mobile Site →
Comments